[Event "Szuperliga - GM Szabo Laszlo csoport"]
[Site "Paks"]
[Date "2024.12.15"]
[Round "4.6"]
[White "Fodor, Tamas Jr."]
[Black "Istvanovszki, Martin"]
[Result "1-0"]
[WhiteElo "2527"]
[BlackElo "2309"]
[PlyCount "125"]
[GameId "2123404043437215"]
[EventDate "2024.11.02"]
[EventType "team-tourn"]
[EventRounds "9"]
[EventCountry "HUN"]
[Source "chess.hu"]
[WhiteTeam "ASE Paks"]
[BlackTeam "Kekesi SE"]
[WhiteTeamCountry "HUN"]
[BlackTeamCountry "HUN"]

1. d4 c5 2. d5 g6 3. e4 Bg7 4. Nc3 d6 5. Nf3 Nf6 6. Nd2 O-O 7. Be2 Na6 8. O-O Nc7 9. a4 a6 10. Re1 b6 11. f4 Rb8 12. Bf3 b5 13. Nb3 b4 14. Ne2 Bb7 15. Ng3 Qd7 16. Na5 Ba8 17. Nc4 Rbd8 18. f5 Qc8 19. Bg5 Rfe8 20. Qd2 Nd7 21. fxg6 hxg6 22. Bg4 Qb8 23. Bxd7 Rxd7 24. Rf1 f6 25. Bh6 Rdd8 26. Rf3 Rf8 27. Raf1 Rf7 28. h4 Kh7 29. Bxg7 Rxg7 30. h5 g5 31. h6 Rg6 32. Nf5 Rd7 33. Nxe7 Rxe7 34. Rxf6 Rxf6 35. Rxf6 Qg8 36. Nxd6 Nxd5 37. exd5 Qxd5 38. Qxd5 Bxd5 39. Rf5 Be4 40. Nxe4 Rxe4 41. Rxc5 g4 42. Kh2 b3 43. cxb3 Rb4 44. a5 Rxb3 45. Rc6 Rxb2 46. Rxa6 Rb3 47. Rb6 Ra3 48. a6 Kh8 49. Rg6 Kh7 50. Re6 Kh8 51. Kg1 g3 52. Kf1 Ra2 53. Ke1 Kh7 54. Re7+ Kxh6 55. a7 Kg5 56. Kd1 Kf6 57. Rh7 Ke5 58. Kc1 Kd4 59. Kb1 Ra6 60. Kb2 Ke3 61. Rf7 Kd4 62. Kb3 Ra1 63. Rf4+ 1-0

[Event "Szuperliga - GM Szabo Laszlo csoport"]
[Site "Paks"]
[Date "2024.12.15"]
[Round "4.7"]
[White "Blasko, Istvan"]
[Black "Kaczur, Florian"]
[Result "1/2-1/2"]
[WhiteElo "2241"]
[BlackElo "2504"]
[PlyCount "57"]
[GameId "2123404097897649"]
[EventDate "2024.11.02"]
[EventType "team-tourn"]
[EventRounds "9"]
[EventCountry "HUN"]
[Source "chess.hu"]
[WhiteTeam "Kekesi SE"]
[BlackTeam "ASE Paks"]
[WhiteTeamCountry "HUN"]
[BlackTeamCountry "HUN"]

1. d4 Nf6 2. c4 e6 3. Nf3 d5 4. Nc3 Nbd7 5. cxd5 exd5 6. Bg5 c6 7. e3 Be7 8. Bd3 Nf8 9. Qc2 Ne6 10. Bh4 g6 11. O-O Ng7 12. b4 a6 13. Rab1 O-O 14. a4 h6 15. b5 Nf5 16. Bxf6 Bxf6 17. bxc6 bxc6 18. Rfc1 Bd7 19. Nd2 Be7 20. Nb3 Ba3 21. Rd1 a5 22. Ne2 Nh4 23. Ng3 Qg5 24. Nc5 Bg4 25. Be2 Bf5 26. Bd3 Bg4 27. Be2 Bf5 28. Bd3 Bg4 29. Be2 1/2-1/2

[Event "Szuperliga - GM Szabo Laszlo csoport"]
[Site "Paks"]
[Date "2024.12.15"]
[Round "4.8"]
[White "Krstulovic, Alex"]
[Black "Ivan-Gal, Hanna Krisztina"]
[Result "1/2-1/2"]
[WhiteElo "2421"]
[BlackElo "2176"]
[PlyCount "79"]
[GameId "2123404138968257"]
[EventDate "2024.11.02"]
[EventType "team-tourn"]
[EventRounds "9"]
[EventCountry "HUN"]
[Source "chess.hu"]
[WhiteTeam "ASE Paks"]
[BlackTeam "Kekesi SE"]
[WhiteTeamCountry "HUN"]
[BlackTeamCountry "HUN"]

1. d4 Nf6 2. c4 g6 3. Nc3 Bg7 4. e4 d6 5. Nge2 O-O 6. Ng3 e5 7. d5 a5 8. h4 h5 9. Bg5 Bg4 10. f3 Bd7 11. Be2 Qe8 12. Qc2 Na6 13. O-O-O Nc5 14. b3 b6 15. Be3 Nh7 16. Nf1 f5 17. Nd2 Nf6 18. Kb1 Qe7 19. Bg5 Qe8 20. Rdg1 Nh7 21. Be3 Nf6 22. Bg5 Nh7 23. g4 Nxg5 24. hxg5 hxg4 25. fxg4 f4 26. Nf3 Kf7 27. Qd1 Qe7 28. Qf1 Rh8 29. Rxh8 Rxh8 30. Bd1 Qd8 31. Bc2 Qg8 32. Nd1 Ke7 33. Nf2 Qb8 34. Bd3 b5 35. cxb5 Nxd3 36. Qxd3 Qxb5 37. Qxb5 Bxb5 38. Re1 c5 39. dxc6 Bxc6 40. Rc1 1/2-1/2

[Event "Szuperliga - GM Szabo Laszlo csoport"]
[Site "Paks"]
[Date "2024.12.15"]
[Round "4.9"]
[White "Radnai, Adam"]
[Black "Lazarne Vajda, Szidonia"]
[Result "1/2-1/2"]
[WhiteElo "2248"]
[BlackElo "2295"]
[PlyCount "84"]
[GameId "2123404178273489"]
[EventDate "2024.11.02"]
[EventType "team-tourn"]
[EventRounds "9"]
[EventCountry "HUN"]
[Source "chess.hu"]
[WhiteTeam "Kekesi SE"]
[BlackTeam "ASE Paks"]
[WhiteTeamCountry "HUN"]
[BlackTeamCountry "HUN"]

1. Nf3 d5 2. g3 Nf6 3. Bg2 e6 4. O-O Be7 5. d4 O-O 6. c3 c5 7. Bg5 h6 8. Bxf6 Bxf6 9. e3 Qc7 10. Nbd2 b6 11. Rc1 Bb7 12. Re1 Nd7 13. a3 Rac8 14. c4 dxc4 15. Nxc4 Bxf3 16. Bxf3 cxd4 17. exd4 b5 18. Ne3 Qxc1 19. Qxc1 Rxc1 20. Rxc1 Bxd4 21. Rc7 Ne5 22. Be2 a6 23. b3 Rd8 24. a4 bxa4 25. bxa4 a5 26. Nc4 Nxc4 27. Rxc4 g5 28. Kg2 Rd7 29. Rc2 Kg7 30. h3 f5 31. g4 Rf7 32. Bc4 Rf6 33. Bd3 fxg4 34. hxg4 e5 35. Be4 Rb6 36. Rc7+ Kf8 37. Rb7 Rf6 38. f3 Rd6 39. Rb5 Bc3 40. Rc5 Rd2+ 41. Kh1 Rd1+ 42. Kg2 Rd2+ 1/2-1/2

[Event "Szuperliga - GM Szabo Laszlo csoport"]
[Site "Paks"]
[Date "2024.12.15"]
[Round "4.10"]
[White "Tancsa, Tamas"]
[Black "Onodi, Tamas"]
[Result "1-0"]
[WhiteElo "2198"]
[BlackElo "2041"]
[PlyCount "69"]
[GameId "2123404221883617"]
[EventDate "2024.11.02"]
[EventType "team-tourn"]
[EventRounds "9"]
[EventCountry "HUN"]
[Source "chess.hu"]
[WhiteTeam "ASE Paks"]
[BlackTeam "Kekesi SE"]
[WhiteTeamCountry "HUN"]
[BlackTeamCountry "HUN"]

1. e4 c5 2. Nf3 Nf6 3. e5 Nd5 4. Nc3 e6 5. Ne4 f5 6. Nc3 Nc6 7. Nxd5 exd5 8. d4 d6 9. exd6 Bxd6 10. dxc5 Bxc5 11. Bf4 O-O 12. Be2 h6 13. h4 Be6 14. O-O Qf6 15. Qd2 Rad8 16. Rfe1 d4 17. a3 Bd5 18. Rad1 a5 19. Qd3 Bd6 20. Bxd6 Rxd6 21. Qb5 Kh8 22. h5 Bf7 23. Nd2 d3 24. Bxd3 Bxh5 25. Nc4 Rd4 26. Rd2 Qg5 27. Re3 Rg4 28. Bf1 Nd4 29. Qc5 Rd8 30. Red3 Rxg2+ 31. Bxg2 Bf3 32. Ne3 Bxg2 33. Nxg2 Nf3+ 34. Rxf3 Rxd2 35. Rxf5 1-0

[Event "Szuperliga - GM Szabo Laszlo csoport"]
[Site "Mako"]
[Date "2024.12.15"]
[Round "4.1"]
[White "Perunovic, Milos"]
[Black "Mihok, Oliver"]
[Result "1/2-1/2"]
[WhiteElo "2503"]
[BlackElo "2533"]
[PlyCount "60"]
[GameId "2123830247372899"]
[EventDate "2024.11.02"]
[EventType "team-tourn"]
[EventRounds "9"]
[EventCountry "HUN"]
[Source "chess.hu"]
[WhiteTeam "Maroczy SE"]
[BlackTeam "Duocor-Makoi SVSE"]
[WhiteTeamCountry "HUN"]
[BlackTeamCountry "HUN"]

1. e4 c5 2. Nf3 Nc6 3. d4 cxd4 4. Nxd4 Qb6 5. Nb3 Nf6 6. Nc3 e6 7. a3 Be7 8. Be3 Qc7 9. f4 O-O 10. Qf3 d6 11. g4 d5 12. exd5 Nxd5 13. Nxd5 Bh4+ 14. Bf2 Bxf2+ 15. Qxf2 exd5 16. Be2 Re8 17. O-O-O Rxe2 18. Qxe2 Qxf4+ 19. Rd2 Bxg4 20. Rf1 Qc4 21. Qf2 Bh5 22. Rd3 Bg6 23. Rc3 Qg4 24. Kb1 h5 25. Rg3 Qc4 26. Rc3 Qg4 27. Rg3 Qc4 28. Rc3 Qg4 29. Rg3 Qc4 30. Rc3 Qg4 1/2-1/2

[Event "Szuperliga - GM Szabo Laszlo csoport"]
[Site "Mako"]
[Date "2024.12.15"]
[Round "4.2"]
[White "Csonka, Balazs"]
[Black "Stankovic, Milos"]
[Result "1/2-1/2"]
[WhiteElo "2474"]
[BlackElo "2462"]
[PlyCount "67"]
[GameId "2123830284884093"]
[EventDate "2024.11.02"]
[EventType "team-tourn"]
[EventRounds "9"]
[EventCountry "HUN"]
[Source "chess.hu"]
[WhiteTeam "Duocor-Makoi SVSE"]
[BlackTeam "Maroczy SE"]
[WhiteTeamCountry "HUN"]
[BlackTeamCountry "HUN"]

1. d4 Nf6 2. c4 e6 3. Nf3 c5 4. d5 d6 5. Nc3 exd5 6. cxd5 g6 7. Nd2 Bg7 8. e4 O-O 9. Be2 Na6 10. O-O Nc7 11. a4 a6 12. Nc4 b5 13. axb5 axb5 14. Rxa8 Nxa8 15. Nxb5 Nxe4 16. Bf4 Qf6 17. g3 Bh3 18. Nbxd6 Nxd6 19. Bxd6 Bxf1 20. Bxf1 Nb6 21. Bxc5 Nxc4 22. Bxf8 Kxf8 23. Bxc4 Qxb2 24. d6 Qa1 25. Qxa1 Bxa1 26. d7 Ke7 27. Bb5 Bd4 28. Kf1 h5 29. Ke2 Bb6 30. f4 Bg1 31. Kf3 Bb6 32. Bc4 h4 33. g4 f6 34. d8=B+ 1/2-1/2

[Event "Szuperliga - GM Szabo Laszlo csoport"]
[Site "Mako"]
[Date "2024.12.15"]
[Round "4.3"]
[White "Palkovi, Jozsef"]
[Black "Kosic, Dragan"]
[Result "1/2-1/2"]
[WhiteElo "2369"]
[BlackElo "2393"]
[PlyCount "76"]
[GameId "2123872986341438"]
[EventDate "2024.11.02"]
[EventType "team-tourn"]
[EventRounds "9"]
[EventCountry "HUN"]
[Source "chess.hu"]
[WhiteTeam "Maroczy SE"]
[BlackTeam "Duocor-Makoi SVSE"]
[WhiteTeamCountry "HUN"]
[BlackTeamCountry "HUN"]

1. e4 e6 2. d4 d5 3. Nc3 Nf6 4. exd5 exd5 5. Bg5 Be7 6. Qd2 c6 7. O-O-O Be6 8. Bd3 Nbd7 9. Nge2 h6 10. Bh4 g5 11. Bg3 Nh5 12. f4 gxf4 13. Nxf4 Bg5 14. Kb1 Nxg3 15. hxg3 Qe7 16. Rhe1 O-O-O 17. Na4 Qd6 18. Qa5 Kb8 19. Nc5 Nxc5 20. dxc5 Qd7 21. Bf1 Rhe8 22. Rd3 Qc7 23. Qa4 Bf5 24. Rde3 Re4 25. Qb3 Bxf4 26. gxf4 Qxf4 27. Rxe4 Bxe4 28. Bd3 f5 29. a3 Qf2 30. Qc3 Ka8 31. Rh1 d4 32. Qa5 Rb8 33. Rxh6 Qxg2 34. Rd6 Qg1+ 35. Ka2 Qg8+ 36. Kb1 Qg1+ 37. Ka2 Qg8+ 38. Kb1 Qg1+ 1/2-1/2

[Event "Szuperliga - GM Szabo Laszlo csoport"]
[Site "Mako"]
[Date "2024.12.15"]
[Round "4.4"]
[White "Kovacevic, Aleksandar"]
[Black "Peczely, Sebastian Zsombor"]
[Result "1-0"]
[WhiteElo "2444"]
[BlackElo "2305"]
[PlyCount "37"]
[GameId "2123873033396418"]
[EventDate "2024.11.02"]
[EventType "team-tourn"]
[EventRounds "9"]
[EventCountry "HUN"]
[Source "chess.hu"]
[WhiteTeam "Duocor-Makoi SVSE"]
[BlackTeam "Maroczy SE"]
[WhiteTeamCountry "HUN"]
[BlackTeamCountry "HUN"]

1. Nf3 d5 2. g3 Nf6 3. Bg2 c6 4. O-O Bg4 5. h3 Bh5 6. c4 e6 7. d4 Bd6 8. Nc3 Nbd7 9. Qb3 Qb8 10. Nd2 Bg6 11. cxd5 exd5 12. f4 Nh5 13. f5 Bxg3 14. Rf3 Bh2+ 15. Kf2 Qd8 16. Re3+ Kf8 17. fxg6 Qg5 18. Nf3 Qxg6 19. Nxh2 1-0

[Event "Szuperliga - GM Szabo Laszlo csoport"]
[Site "Mako"]
[Date "2024.12.15"]
[Round "4.5"]
[White "Tesik, Csaba"]
[Black "Horvath, Zsolt"]
[Result "1-0"]
[WhiteElo "2286"]
[BlackElo "2371"]
[PlyCount "89"]
[GameId "2123873075507410"]
[EventDate "2024.11.02"]
[EventType "team-tourn"]
[EventRounds "9"]
[EventCountry "HUN"]
[Source "chess.hu"]
[WhiteTeam "Maroczy SE"]
[BlackTeam "Duocor-Makoi SVSE"]
[WhiteTeamCountry "HUN"]
[BlackTeamCountry "HUN"]

1. e4 c5 2. Nf3 d6 3. d4 cxd4 4. Nxd4 Nf6 5. Nc3 a6 6. h3 e6 7. g4 h6 8. Bg2 g5 9. Be3 Nbd7 10. Qe2 Ne5 11. O-O-O Qc7 12. f4 gxf4 13. Bxf4 b5 14. Qf2 Nfd7 15. Rhf1 Rg8 16. Nce2 Bb7 17. Kb1 O-O-O 18. Nb3 Bg7 19. Bc1 Nb6 20. Nf4 Na4 21. Nd3 Nc4 22. Nd4 Rd7 23. c3 Kb8 24. Ka1 Rc8 25. Nb4 a5 26. Ndc6+ Qxc6 27. Nxc6+ Bxc6 28. Qe2 Bb7 29. e5 Bxe5 30. Bxb7 Rxb7 31. Bf4 Nxc3 32. bxc3 Bxc3+ 33. Kb1 Na3+ 34. Kc1 Be5+ 35. Kd2 Rc2+ 36. Ke1 Rxe2+ 37. Kxe2 Rc7 38. Rxd6 Rc2+ 39. Rd2 Rc5 40. Rd7 Rc2+ 41. Kd1 Kc8 42. Rxf7 Bc3 43. Bc1 Rxa2 44. Rh7 Bb4 45. Rff7 1-0

[Event "Szuperliga - GM Szabo Laszlo csoport"]
[Site "Mako"]
[Date "2024.12.15"]
[Round "4.6"]
[White "Szalai, Kornel"]
[Black "Papp, Bence"]
[Result "1/2-1/2"]
[WhiteElo "2368"]
[BlackElo "2272"]
[PlyCount "128"]
[GameId "2123873137807586"]
[EventDate "2024.11.02"]
[EventType "team-tourn"]
[EventRounds "9"]
[EventCountry "HUN"]
[Source "chess.hu"]
[WhiteTeam "Duocor-Makoi SVSE"]
[BlackTeam "Maroczy SE"]
[WhiteTeamCountry "HUN"]
[BlackTeamCountry "HUN"]

1. Nf3 Nf6 2. c4 e6 3. b3 d5 4. Bb2 c5 5. e3 Nc6 6. cxd5 exd5 7. Bb5 Bd7 8. O-O Be7 9. d4 a6 10. Bd3 b6 11. Ne5 O-O 12. Nxd7 Qxd7 13. dxc5 bxc5 14. Nc3 Nb4 15. Bb1 Rfd8 16. Na4 Qd6 17. Qf3 Rab8 18. Rd1 a5 19. a3 Nc6 20. Bc2 d4 21. Rac1 Qd5 22. e4 Qg5 23. Qg3 Qh6 24. h3 Bd6 25. Qf3 Ne5 26. Qe2 Nh5 27. g3 Qg5 28. Kh2 Ng6 29. Qg4 Qxg4 30. hxg4 Nf6 31. f3 Ne5 32. Kg2 g5 33. Rd2 Be7 34. Bd1 Rdc8 35. Ba1 h6 36. Nb2 h5 37. gxh5 g4 38. f4 Nf3 39. Bxf3 gxf3+ 40. Kxf3 Rxb3+ 41. Nd3 Rcb8 42. e5 Nd7 43. Ke4 Rxa3 44. Rb2 f5+ 45. exf6 Nxf6+ 46. Kf5 Rxb2 47. Nxb2 Rxg3 48. Nc4 Nxh5 49. Nxa5 Kf7 50. Nc6 Ng7+ 51. Ke4 Ke6 52. Bxd4 cxd4 53. Nxe7 Kxe7 54. Kxd4 Kf6 55. Rh1 Kf5 56. Rh8 Ne6+ 57. Kc4 Nxf4 58. Rf8+ Ke5 59. Re8+ Ne6 60. Ra8 Rg4+ 61. Kc3 Kd5 62. Kd3 Rg3+ 63. Kd2 Ke4 64. Re8 Kd5 1/2-1/2

[Event "Szuperliga - GM Szabo Laszlo csoport"]
[Site "Mako"]
[Date "2024.12.15"]
[Round "4.7"]
[White "Tubak, Daniel"]
[Black "Tatar Kis, Szabolcs"]
[Result "1/2-1/2"]
[WhiteElo "2210"]
[BlackElo "2322"]
[PlyCount "60"]
[GameId "2123873196339442"]
[EventDate "2024.11.02"]
[EventType "team-tourn"]
[EventRounds "9"]
[EventCountry "HUN"]
[Source "chess.hu"]
[WhiteTeam "Maroczy SE"]
[BlackTeam "Duocor-Makoi SVSE"]
[WhiteTeamCountry "HUN"]
[BlackTeamCountry "HUN"]

1. Nf3 Nf6 2. c4 c5 3. g3 Nc6 4. d4 cxd4 5. Nxd4 g6 6. Bg2 Bg7 7. Nc3 O-O 8. O-O d6 9. Nxc6 bxc6 10. Bxc6 Rb8 11. Bg2 Qa5 12. Nb5 Bd7 13. Nd4 Rfc8 14. b3 Ng4 15. Bb2 Qh5 16. h3 Ne5 17. Nf3 Bxh3 18. Nxe5 Bxg2 19. Kxg2 Bxe5 20. Bxe5 Qxe5 21. Qd3 a5 22. Rad1 Rc5 23. Rd2 h5 24. Rh1 a4 25. Rh4 axb3 26. axb3 Ra5 27. Qf3 Qe6 28. Re4 Re5 29. Rxe5 Qxe5 30. Rd5 Qe6 1/2-1/2

[Event "Szuperliga - GM Szabo Laszlo csoport"]
[Site "Mako"]
[Date "2024.12.15"]
[Round "4.8"]
[White "Terbe, Julianna"]
[Black "Kocsmar, Akos"]
[Result "0-1"]
[WhiteElo "2225"]
[BlackElo "2222"]
[PlyCount "78"]
[GameId "2123873244401922"]
[EventDate "2024.11.02"]
[EventType "team-tourn"]
[EventRounds "9"]
[EventCountry "HUN"]
[Source "chess.hu"]
[WhiteTeam "Duocor-Makoi SVSE"]
[BlackTeam "Maroczy SE"]
[WhiteTeamCountry "HUN"]
[BlackTeamCountry "HUN"]

1. d4 Nf6 2. Nf3 b6 3. Bf4 Bb7 4. e3 Nh5 5. Bg5 h6 6. Bh4 g5 7. Bg3 Nxg3 8. hxg3 Bg7 9. c3 d6 10. a4 Nd7 11. a5 a6 12. axb6 cxb6 13. Nbd2 e6 14. Qb3 d5 15. g4 h5 16. gxh5 g4 17. Ne5 Bxe5 18. dxe5 Qg5 19. Qa4 Rxh5 20. Rxh5 Qxh5 21. O-O-O b5 22. Qd4 Qxe5 23. Qxg4 Rc8 24. Nf3 Qf6 25. Kb1 Nc5 26. Bd3 Ke7 27. Qd4 Nd7 28. Qb4+ Nc5 29. Kc2 Ke8 30. Rh1 Kd7 31. Qd4 Ke7 32. Rh7 Qxd4 33. exd4 Nd7 34. Ng5 Rf8 35. f4 Nf6 36. Rh2 a5 37. Nf3 Rg8 38. Ne5 Ng4 39. Bxb5 Nxh2 0-1

[Event "Szuperliga - GM Szabo Laszlo csoport"]
[Site "Mako"]
[Date "2024.12.15"]
[Round "4.9"]
[White "Kopasz, Robert"]
[Black "Mihok-Juhasz, Barbara"]
[Result "0-1"]
[WhiteElo "2241"]
[BlackElo "2170"]
[PlyCount "106"]
[GameId "2123873281868050"]
[EventDate "2024.11.02"]
[EventType "team-tourn"]
[EventRounds "9"]
[EventCountry "HUN"]
[Source "chess.hu"]
[WhiteTeam "Maroczy SE"]
[BlackTeam "Duocor-Makoi SVSE"]
[WhiteTeamCountry "HUN"]
[BlackTeamCountry "HUN"]

1. Nf3 Nf6 2. g3 g6 3. Bg2 Bg7 4. c4 d6 5. Nc3 O-O 6. O-O e5 7. d4 Nbd7 8. b3 Re8 9. e3 c6 10. Qc2 exd4 11. Nxd4 Ne5 12. Bb2 c5 13. Nde2 Bg4 14. f3 Bf5 15. e4 Bd7 16. Rad1 Bc6 17. h3 Qe7 18. Nf4 Rad8 19. Rfe1 g5 20. Nfe2 Ng6 21. Qd2 h6 22. g4 Nh4 23. Ng3 Nd7 24. Nd5 Bxd5 25. Bxg7 Kxg7 26. Qxd5 Ne5 27. Nf5+ Nxf5 28. exf5 a6 29. Re4 b5 30. cxb5 axb5 31. f4 gxf4 32. Rxf4 Qf6 33. a4 bxa4 34. bxa4 Re7 35. a5 Ra7 36. Ra4 Rdd7 37. a6 c4 38. Bf1 c3 39. Ra2 Qg5 40. Qd4 Rdc7 41. Rc2 h5 42. Be2 hxg4 43. hxg4 f6 44. Rxc3 Rxc3 45. Qxc3 Rxa6 46. Qd2 Qxd2 47. Rxd2 Rb6 48. Kg2 Kh6 49. Kg3 Kg5 50. Rd4 Rb3+ 51. Kf2 Rb2 52. Kf1 Nf7 53. Bc4 Rb4 0-1

[Event "Szuperliga - GM Szabo Laszlo csoport"]
[Site "Mako"]
[Date "2024.12.15"]
[Round "4.10"]
[White "Meszaros-Csonka, David"]
[Black "Markus, Molli Amina"]
[Result "1/2-1/2"]
[WhiteElo "2076"]
[BlackElo "1925"]
[PlyCount "104"]
[GameId "2123873326612770"]
[EventDate "2024.11.02"]
[EventType "team-tourn"]
[EventRounds "9"]
[EventCountry "HUN"]
[Source "chess.hu"]
[WhiteTeam "Duocor-Makoi SVSE"]
[BlackTeam "Maroczy SE"]
[WhiteTeamCountry "HUN"]
[BlackTeamCountry "HUN"]

1. d4 Nf6 2. Bf4 g6 3. Nc3 d5 4. e3 Bg7 5. h4 h5 6. Nb5 Na6 7. Nf3 Bf5 8. Bd3 Bxd3 9. cxd3 O-O 10. O-O c6 11. Nc3 Rc8 12. a3 c5 13. dxc5 Nxc5 14. Rc1 a6 15. b4 Ne6 16. Be5 Ng4 17. Bxg7 Kxg7 18. d4 b5 19. Nd2 Qd6 20. Nf3 Rc4 21. Ne5 Nxe5 22. dxe5 Qxe5 23. Qxd5 Qc7 24. Ne2 Rc8 25. Rfe1 Qb8 26. Rxc4 Rxc4 27. g3 Qc7 28. Rd1 Rc2 29. Rd2 Rxd2 30. Qxd2 Qc4 31. Qc3+ Qxc3 32. Nxc3 Nc7 33. Kf1 Kf6 34. Ke2 e5 35. Kd3 Ke6 36. Ne4 f6 37. Nc5+ Kd6 38. f3 Kd5 39. g4 f5 40. e4+ fxe4+ 41. Nxe4 Ne6 42. Nf6+ Kd6 43. gxh5 Nf4+ 44. Ke4 Ke6 45. Ng4 Nxh5 46. Nxe5 Ng3+ 47. Kd4 Nf5+ 48. Ke4 Ng3+ 49. Kf4 Nh5+ 50. Ke4 Ng3+ 51. Kf4 Nh5+ 52. Ke4 Ng3+ 1/2-1/2

[Event "NB1 Charousek csoport"]
[Site "Paks"]
[Date "2024.11.03"]
[Round "1.1"]
[White "Fancsy, Imre"]
[Black "Lizak, Peter"]
[Result "0-1"]
[WhiteElo "2355"]
[BlackElo "2390"]
[PlyCount "62"]
[EventDate "2024.11.03"]
[EventType "team-tourn"]
[EventRounds "11"]
[EventCountry "HUN"]
[Source "chess.hu"]
[SourceDate "2024.11.04"]
[WhiteTeam "Balatonfuredi SC"]
[BlackTeam "ASE II. Paks"]
[WhiteTeamCountry "HUN"]
[BlackTeamCountry "HUN"]

1. Nf3 Nf6 2. c4 g6 3. g3 Bg7 4. Bg2 O-O 5. d4 d6 6. Nc3 Nbd7 7. O-O e5 8. e4
exd4 9. Nxd4 Re8 10. h3 Nc5 11. Re1 h6 12. Bf4 Bd7 13. Rb1 a5 14. b3 Nh7 15.
Qd2 Ng5 16. h4 Bxd4 17. Qxd4 Nge6 18. Qd2 Nxf4 19. Qxf4 Nd3 20. Qxh6 Nxe1 21.
Rxe1 Bc6 22. h5 Qf6 23. hxg6 Qxg6 24. Qf4 Re5 25. f3 f5 26. Qd2 fxe4 27. f4 e3
28. Rxe3 Rxe3 29. Qxe3 Re8 30. Qf2 Bxg2 31. Qxg2 Re1+ 0-1

[Event "NB1 Charousek csoport"]
[Site "Paks"]
[Date "2024.11.03"]
[Round "1.2"]
[White "Videki, Sandor"]
[Black "Forgacs, Attila Jr"]
[Result "1/2-1/2"]
[WhiteElo "2331"]
[BlackElo "2275"]
[PlyCount "55"]
[EventDate "2024.11.03"]
[EventType "team-tourn"]
[EventRounds "11"]
[EventCountry "HUN"]
[Source "chess.hu"]
[SourceDate "2024.11.04"]
[WhiteTeam "ASE II. Paks"]
[BlackTeam "Balatonfuredi SC"]
[WhiteTeamCountry "HUN"]
[BlackTeamCountry "HUN"]

1. Nf3 Nf6 2. c4 g6 3. Nc3 d5 4. cxd5 Nxd5 5. h4 Bg7 6. e4 Nxc3 7. dxc3 Qxd1+
8. Kxd1 Bg4 9. Kc2 Nd7 10. Be3 O-O 11. Nd2 Rfd8 12. a4 Ne5 13. Nc4 Be6 14. Nxe5
Bxe5 15. h5 a6 16. Be2 Bd7 17. f3 Bc6 18. g4 Rd6 19. b4 b6 20. a5 b5 21. Bc5
Rd7 22. Rad1 Rxd1 23. Rxd1 Kf8 24. c4 bxc4 25. Bxc4 Ba4+ 26. Bb3 Bb5 27. Rd5
Bf6 28. Kd1 1/2-1/2

[Event "NB1 Charousek csoport"]
[Site "Paks"]
[Date "2024.11.03"]
[Round "1.3"]
[White "Pataki, Gyozo"]
[Black "Molnar, Bela"]
[Result "1/2-1/2"]
[WhiteElo "2298"]
[BlackElo "2284"]
[PlyCount "23"]
[EventDate "2024.11.03"]
[EventType "team-tourn"]
[EventRounds "11"]
[EventCountry "HUN"]
[Source "chess.hu"]
[SourceDate "2024.11.04"]
[WhiteTeam "Balatonfuredi SC"]
[BlackTeam "ASE II. Paks"]
[WhiteTeamCountry "HUN"]
[BlackTeamCountry "HUN"]

1. d4 Nf6 2. c4 d6 3. Nc3 Nbd7 4. e4 e5 5. Nf3 g6 6. Be2 Bg7 7. dxe5 dxe5 8.
Be3 O-O 9. Nd2 Qe7 10. Rc1 c6 11. c5 Ne8 12. b4 1/2-1/2

[Event "NB1 Charousek csoport"]
[Site "Paks"]
[Date "2024.11.03"]
[Round "1.4"]
[White "Bernath, Bence"]
[Black "Zentai, Peter"]
[Result "1/2-1/2"]
[WhiteElo "2243"]
[BlackElo "2252"]
[PlyCount "50"]
[EventDate "2024.11.03"]
[EventType "team-tourn"]
[EventRounds "11"]
[EventCountry "HUN"]
[Source "chess.hu"]
[SourceDate "2024.11.04"]
[WhiteTeam "ASE II. Paks"]
[BlackTeam "Balatonfuredi SC"]
[WhiteTeamCountry "HUN"]
[BlackTeamCountry "HUN"]

1. e4 e6 2. d4 d5 3. Nc3 Nf6 4. e5 Nfd7 5. f4 c5 6. Nf3 Nc6 7. Be3 cxd4 8. Nxd4
Qb6 9. Qd2 Qxb2 10. Rb1 Qa3 11. Bb5 Nxd4 12. Bxd4 a6 13. Rb3 Qe7 14. Ba4 Qd8
15. Bb6 Qh4+ 16. g3 Qg4 17. Ne4 Be7 18. Nc5 Bxc5 19. Bxc5 b5 20. Ba3 Nxe5 21.
fxe5 Qe4+ 22. Kf2 Qxh1 23. Qb4 Qxh2+ 24. Kf1 Qh1+ 25. Kf2 Qh2+ 1/2-1/2

[Event "NB1 Charousek csoport"]
[Site "Paks"]
[Date "2024.11.03"]
[Round "1.5"]
[White "Kiss, Gergely"]
[Black "Szegedy, Matyas"]
[Result "0-1"]
[WhiteElo "2177"]
[BlackElo "2238"]
[PlyCount "96"]
[EventDate "2024.11.03"]
[EventType "team-tourn"]
[EventRounds "11"]
[EventCountry "HUN"]
[Source "chess.hu"]
[SourceDate "2024.11.04"]
[WhiteTeam "Balatonfuredi SC"]
[BlackTeam "ASE II. Paks"]
[WhiteTeamCountry "HUN"]
[BlackTeamCountry "HUN"]

1. e4 c6 2. d4 d5 3. exd5 cxd5 4. Bd3 Nc6 5. c3 Nf6 6. Bf4 Bg4 7. Nf3 e6 8. O-O
Bd6 9. Bg3 Ne4 10. Qe2 f5 11. Qe3 O-O 12. Bxd6 Qxd6 13. Ne5 f4 14. Qe1 Nxe5 15.
dxe5 Qb6 16. b3 f3 17. Bxe4 dxe4 18. Qxe4 fxg2 19. Qxg2 Bf5 20. Qg3 Rad8 21.
Na3 Rd3 22. Nc4 Qc6 23. Rfe1 b5 24. Ne3 Rxc3 25. h4 Kh8 26. Kh2 g6 27. Kg1 Qc5
28. Qg5 Kg7 29. Kh2 Rf7 30. Qg3 Qd4 31. Rac1 b4 32. Rxc3 bxc3 33. Rc1 Be4 34.
Rxc3 Qd2 35. Kg1 Bd3 36. Rxd3 Qxd3 37. Nc4 Qxg3+ 38. fxg3 Rf3 39. Kg2 Rc3 40.
Kh3 Rc2 41. a4 Rc3 42. Na5 Re3 43. Nc6 Rxb3 44. Nd4 Rb6 45. a5 Ra6 46. Kg4 Kf7
47. Nb3 Rc6 48. Kf4 Rc4+ 0-1

[Event "NB1 Charousek csoport"]
[Site "Paks"]
[Date "2024.11.03"]
[Round "1.6"]
[White "Tancsa, Tamas"]
[Black "Glatt, Gabor"]
[Result "1-0"]
[WhiteElo "2198"]
[BlackElo "2177"]
[PlyCount "75"]
[EventDate "2024.11.03"]
[EventType "team-tourn"]
[EventRounds "11"]
[EventCountry "HUN"]
[Source "chess.hu"]
[SourceDate "2024.11.04"]
[WhiteTeam "ASE II. Paks"]
[BlackTeam "Balatonfuredi SC"]
[WhiteTeamCountry "HUN"]
[BlackTeamCountry "HUN"]

1. e4 c5 2. Nf3 d6 3. d4 cxd4 4. Nxd4 Nf6 5. Nc3 Nc6 6. Nd5 Nxd5 7. exd5 Qa5+
8. Bd2 Qxd5 9. Nb5 Qe6+ 10. Be2 Qd7 11. c4 e6 12. Bf4 e5 13. Be3 Be7 14. Qd2
O-O 15. Rd1 Rd8 16. O-O b6 17. f4 Bb7 18. Bf3 Na5 19. b3 e4 20. Be2 d5 21. f5
Qc8 22. f6 Bxf6 23. Rxf6 gxf6 24. Rf1 f5 25. Qe1 Qe6 26. Nd4 Qg6 27. Rxf5 f6
28. Bh5 Qg7 29. Ne6 Qe7 30. Rxf6 Qxf6 31. Qg3+ Kh8 32. Bd4 Qxd4+ 33. Nxd4 Nc6
34. Nxc6 Bxc6 35. Qe5+ Kg8 36. Qg5+ Kh8 37. Qf6+ Kg8 38. Bf7+ 1-0